Statistics for Countries Without Letters On Bottom Row Of QWERTY Keyboard

Click here to take the quiz!

General Stats

  • This quiz has been taken 35 times
  • The average score is 13 of 26

Answer Stats

Answer% Correct
Russia
83%
Qatar
78%
Fiji
70%
Haiti
61%
Peru
61%
Togo
61%
Austria
57%
Eritrea
57%
Iraq
57%
Israel
57%
Kuwait
57%
Laos
57%
South Korea
57%
Egypt
52%
Ethiopia
52%
Italy
52%
Algeria
48%
Australia
48%
Palau
43%
Portugal
43%
Syria
43%
Turkey
43%
Uruguay
35%
Paraguay
30%
Lesotho
22%
Georgia
13%

Score Distribution

Percentile by Number Answered

Percent of People with Each Score

Your Score History

You have not taken this quiz